000 00770nam a2200277Ia 4500
001 94414
003 IT-RoPAU
008 130308s9999 xx 000 0 und d
040 _aIT-RoPAU
040 _cIT-RoPAU
041 _aITALIANO
100 _aDe Santis Giuseppe
100 _gCodice Aut. SPICS: 7279
245 _aNeorealismo alleato natura le della democrazia (Il)
245 _bFantasma della Realta' (Il)-Neorealismo ieri e Oggi
250 _a1a ed.
260 _aFIRENZE
260 _bLa Casa Usher
260 _c1990 [1° Ed.:1990 - Ed.Ling.Originale:1990]
300 _a"4 p. (prefazione: no ; testo: 4 [pagine: 17-20])"
650 _aSAGGI SUL CINEMA
650 _eCodice materia Spics: 6811
942 _cBK
957 _71
999 _c84018
_d84018
999 _g1